000 00737nam a2200277 i 4500
001 C2-0122536
003 PPAK
005 20180727113804.0
008 970819s1994 my a|||| ||||| | may d
020 _a9839138049
040 _aPPAK
_beng
_cPPAK
_erda
082 0 4 _a612
_223
090 0 0 _a612
_bANM
_dK
100 0 _aAnwar Haji Omar,
_eauthor
245 1 0 _aBadan
264 1 _aKuala Lumpur :
_bMawar Creation ,
_c1994
300 _a29 pages :
_billustrations ;
_c21 cm
336 _2rdacontent
_atext
337 _2rdamedia
_aunmediated
338 _2rdacarrier
_avolume
490 1 _aSiri asas penyelidikan sains
650 1 0 _aHuman anatomy
700 _eauthor
830 0 _aSiri asas penyelidikan sains
942 _ddc
_cB
999 _c35263
_d35263